000
00320nam a22001457a 4500
008
230616b ||||| |||| 00| 0 eng d
020
_a
9780321716811
041
_a
eng
080
_2
NINTH EDITION
_a
51
082
_a
51SUL
100
_a
23
101
_a
MATE
245
_a
COLLEGE ALGEBRA
_c
SULLIVAN
942
_2
udc
_c
BK
999
_c
59991
_d
59991